[Event "Bayern-ch Seniors 20th"]
[Site "Bergen"]
[Date "2008.06.11"]
[Round "5.29"]
[White "Muenzenberg, Dietrich"]
[Black "Maier, Alois"]
[Result "1-0"]
[WhiteElo "1665"]
[BlackElo "1642"]
[PlyCount "110"]
[EventDate "2008.06.07"]
[EventType "swiss"]
[EventRounds "9"]
[EventCountry "GER"]
[SourceTitle "EXT 2022"]
[Source "ChessBase"]
[SourceDate "2021.10.06"]
[SourceVersion "1"]
[SourceVersionDate "2021.10.06"]
[SourceQuality "1"]

1. d4 d5 2. g3 Nf6 3. Bg5 Nbd7 4. Bg2 h6 5. Bf4 e6 6. Nf3 Nb6 7. 0-0 Bd6 8. Bxd6 Qxd6 9. Nbd2 0-0 10. b3 c5 11. e3 Bd7 12. Ne5 Bc6 13. Rc1 Nbd7 14. Ndf3 cxd4 15. exd4 Qc7 16. Re1 Nxe5 17. Nxe5 Nd7 18. f4 Nxe5 19. fxe5 Rfe8 20. Qd2 f6 21. Bh3 f5 22. Rf1 b5 23. Rf2 Bd7 24. c4 bxc4 25. bxc4 dxc4 26. Qb4 Rac8 27. Rfc2 Qb6 28. Qxb6 axb6 29. Rxc4 Rxc4 30. Rxc4 Rc8 31. Rxc8+ Bxc8 32. Kf2 Kf8 33. Bf1 Ke8 34. Bb5+ Kd8 35. Ke3 Bd7 36. a4 Kc7 37. Kf4 g5+ 38. Kf3 Bc6+ 39. Kf2 h5 40. h4 g4 41. Ke3 Kd7 42. Kf4 Bxb5 43. axb5 Ke7 44. Kg5 Kf7 45. Kxh5 f4 46. Kxg4 fxg3 47. Kxg3 Kg6 48. Kg4 Kh6 49. h5 Kh7 50. Kg5 Kg7 51. h6+ Kh7 52. Kh5 Kg8 53. Kg6 Kh8 54. Kf6 Kh7 55. Kxe6 Kxh6 1-0